Advanced Engineering Mathematics 9th Edition (Record no. 531284)
[ view plain ]
| 000 -LEADER | |
|---|---|
| fixed length control field | 00284nam a2200109Ia 4500 |
| 008 - FIXED-LENGTH DATA ELEMENTS--GENERAL INFORMATION | |
| fixed length control field | 191014s9999 xx 000 0 und d |
| 082 ## - DEWEY DECIMAL CLASSIFICATION NUMBER | |
| Classification number | 510.2462 |
| Author Mark | KRE |
| 100 ## - MAIN ENTRY--PERSONAL NAME | |
| Personal name | Erwin Kreyszig |
| 9 (RLIN) | 13321 |
| 245 #0 - TITLE STATEMENT | |
| Title | Advanced Engineering Mathematics 9th Edition |
| 300 ## - PHYSICAL DESCRIPTION | |
| Extent | Xvii,1094 |
| 942 ## - ADDED ENTRY ELEMENTS (KOHA) | |
| Koha item type | Book |
| Withdrawn status | Lost status | Damaged status | Not for loan | Permanent Location | Current Location | Date acquired | Source of acquisition | Cost, normal purchase price | Total Checkouts | Full call number | Barcode | Date last seen | Date last checked out | Price effective from | Koha item type |
|---|---|---|---|---|---|---|---|---|---|---|---|---|---|---|---|
| School of Natural Sciences (SNS) | School of Natural Sciences (SNS) | 10/15/2019 | Donation | 0.00 | 1 | 510.2462KRE | SNS0003061 | 06/04/2024 | 02/08/2023 | 10/15/2019 | Book |
